This or That: Bread or Wine Quiz Stats

 Plays Quiz Updated Sep 22, 2017

Also try: Red Wine or Not?
Challenge
Share
Tweet
Embed
Score 0/30 Timer 06:00
11 Plays Today
Question Answer Wrong Answers
Chardonnay Wine
95.1%
Bread
1.1%
Pita Bread
94.9%
Wine
1.3%
Merlot Wine
94.9%
Bread
1.2%
Brioche Bread
93.3%
Wine
2.7%
Ciabatta Bread
92.7%
Wine
3.3%
Focaccia Bread
92%
Wine
4%
Chianti Wine
91%
Bread
5.1%
Riesling Wine
90.3%
Bread
5.5%
Muscat Wine
90.2%
Bread
5.8%
Pinotage Wine
89.6%
Bread
6.3%
Zinfandel Wine
87.7%
Bread
8.1%
Viognier Wine
86.8%
Bread
9%
Matzo Bread
85.2%
Wine
10.8%
Lambrusco Wine
81.8%
Bread
14.1%
Challah Bread
79.6%
Wine
16.4%
Dampfnudel Bread
77.3%
Wine
18.6%
Roti Bread
77.1%
Wine
18.8%
Lefse Bread
75.7%
Wine
20.1%
Syrah Wine
75%
Bread
21%
Brunello Wine
72.2%
Bread
23.7%
Marsanne Wine
68.7%
Bread
27.2%
Frascati Wine
68.3%
Bread
27.8%
Miche Bread
64.6%
Wine
31.1%
Arneis Wine
62%
Bread
33.7%
Dolcetto Wine
61.7%
Bread
34.1%
Arepa Bread
61.6%
Wine
34.1%
Zwieback Bread
57.7%
Wine
38.4%
Markook Bread
57.5%
Wine
38.3%
Shoti Bread
57.1%
Wine
38.8%
Vánočka Bread
52.5%
Wine
43.4%

You're not logged in!

Compare scores with friends on all Sporcle quizzes.
OR
Log In

You Might Also Like...

Show Comments

Extras

Top Quizzes Today


Score Distribution

Your Account Isn't Verified!

In order to create a playlist on Sporcle, you need to verify the email address you used during registration. Go to your Sporcle Settings to finish the process.

Report this User

Report this user for behavior that violates our Community Guidelines.

Details: